| 000 | 00358nam a2200145Ia 4500 | ||
|---|---|---|---|
| 008 | 230917s9999||||xx |||||||||||||| ||und|| | ||
| 040 |
_e120758 _aMAIN |
||
| 041 | _aEnglish | ||
| 082 | _a330.9 I2I | ||
| 100 | _aBery, Suman, ed. | ||
| 245 | 0 | _aIndia policy forum 2006-07 | |
| 260 |
_aNew Delhi _bSage Publications _c2007 |
||
| 300 | _a277 p. | ||
| 942 | _cBK | ||
| 999 |
_c139712 _d139712 |
||